[Event "PNWCC Online Masters Artist Point"]
[Site "Chess.com INT"]
[Date "2020.09.05"]
[Round "2"]
[White "Ho, Cooper"]
[Black "Metpally, Jason"]
[Result "0-1"]
[WhiteElo "1663"]
[BlackElo "2204"]
[PlyCount "66"]
[EventDate "2020.09.05"]
[EventType "swiss"]
[EventRounds "9"]
[EventCountry "USA"]
[SourceTitle "CBM 198 Extra"]
[Source "ChessBase"]
[SourceDate "2020.11.30"]
[SourceVersion "1"]
[SourceVersionDate "2020.11.30"]
[SourceQuality "1"]

1. e4 e5 2. Nf3 Nc6 3. Bc4 Bc5 4. 0-0 Nf6 5. d3 d6 6. c3 a6 7. a4 Ba7 8. Nbd2 0-0 9. b4 Ne7 10. Bb3 Ng6 11. Nc4 c6 12. Be3 Bxe3 13. Nxe3 d5 14. Bc2 Re8 15. Re1 Qc7 16. Nf1 Be6 17. Ng3 Rad8 18. Qc1 Bg4 19. Nd2 Nf4 20. h3 Be6 21. Ne2 N6h5 22. Nxf4 Nxf4 23. d4 exd4 24. cxd4 dxe4 25. Nxe4 Rxd4 26. Qb2 Red8 27. Ng5 h6 28. Nxe6 Nxe6 29. Bf5 Rd2 30. Qc3 Qf4 31. Qf3 Qxf3 32. gxf3 Nd4 33. Be4 f5 0-1

[Event "PNWCC Online Masters"]
[Site "Chess.com INT"]
[Date "2020.05.25"]
[Round "8.42"]
[White "Ho, Cooper"]
[Black "Tu, Lawrence"]
[Result "0-1"]
[WhiteElo "1663"]
[BlackElo "1554"]
[PlyCount "120"]
[EventDate "2020.05.23"]
[EventType "swiss (rapid)"]
[EventRounds "9"]
[EventCountry "USA"]
[SourceTitle "CBM 196 Extra"]
[Source "ChessBase"]
[SourceDate "2020.07.31"]
[SourceVersion "1"]
[SourceVersionDate "2020.07.31"]
[SourceQuality "1"]

1. e4 c5 2. Nf3 d6 3. d4 cxd4 4. Nxd4 Nf6 5. Nc3 a6 6. f3 e5 7. Nb3 Be6 8. Be3 Be7 9. Qd2 Nbd7 10. g4 h6 11. 0-0-0 Qc7 12. h4 b5 13. Be2 b4 14. Nd5 Bxd5 15. exd5 a5 16. g5 hxg5 17. hxg5 Rxh1 18. Rxh1 Ng8 19. Rh8 Kf8 20. Bd3 a4 21. Bh7 Ke8 22. Rxg8+ Bf8 23. Na1 Qc4 24. Kb1 Qf1+ 25. Qc1 Qxf3 26. Qg1 Qxd5 27. Bf5 Rd8 28. Qg4 Nc5 29. g6 f6 30. Rh8 Rb8 31. Bxc5 dxc5 32. Be4 Qd6 33. Rh1 Qa6 34. Bd3 Qc6 35. Rd1 Rd8 36. Qc4 Rd7 37. Qb5 Qd5 38. Be2 Qb7 39. Bc4 f5 40. Qxd7+ Qxd7 41. Rxd7 Kxd7 42. Bb5+ Kd6 43. Bxa4 e4 44. Kc1 f4 45. Kd2 Ke5 46. Bb5 Be7 47. a4 bxa3 48. bxa3 Bg5 49. c3 f3+ 50. Ke1 e3 51. Nc2 Ke4 52. a4 Bf6 53. c4 Bh4+ 54. Kd1 e2+ 55. Kd2 Bg5+ 56. Ke1 Kd3 57. Nb4+ cxb4 58. c5+ Ke3 59. Bxe2 fxe2 60. c6 Bh4# 0-1

[Event "PNWCC Online Masters"]
[Site "Chess.com INT"]
[Date "2020.05.25"]
[Round "7.41"]
[White "Jiang, Leo1111"]
[Black "Ho, Cooper"]
[Result "1/2-1/2"]
[WhiteElo "1592"]
[BlackElo "1663"]
[PlyCount "79"]
[EventDate "2020.05.23"]
[EventType "swiss (rapid)"]
[EventRounds "9"]
[EventCountry "USA"]
[SourceTitle "CBM 196 Extra"]
[Source "ChessBase"]
[SourceDate "2020.07.31"]
[SourceVersion "1"]
[SourceVersionDate "2020.07.31"]
[SourceQuality "1"]

1. d4 d5 2. c4 c6 3. Nf3 Nf6 4. e3 g6 5. Bd3 Bg7 6. Nbd2 0-0 7. 0-0 Nbd7 8. b3 b6 9. Bb2 Bb7 10. Qe2 Rc8 11. e4 dxe4 12. Nxe4 Nxe4 13. Bxe4 Nf6 14. Bc2 e6 15. Rad1 Qc7 16. Qe5 Rfd8 17. Qxc7 Rxc7 18. Bc1 Rcd7 19. Be3 Ng4 20. Bg5 f6 21. Bc1 Nh6 22. Be3 Nf7 23. Rfe1 g5 24. h3 h6 25. c5 f5 26. g3 Ba6 27. Kg2 Rd5 28. b4 Bc4 29. a3 R5d7 30. Nd2 Bd5+ 31. Kg1 b5 32. f4 gxf4 33. gxf4 Kh8 34. Kf2 Bc4 35. Nf3 Bd5 36. Nd2 Bf6 37. Rg1 Bh4+ 38. Ke2 Kh7 39. Bb3 Bf6 40. Bxd5 1/2-1/2

[Event "PNWCC Online blitz JP 8th"]
[Site "Chess.com INT"]
[Date "2020.05.02"]
[Round "1"]
[White "Harsha, Bharathakoti"]
[Black "Ho, Cooper"]
[Result "1-0"]
[WhiteElo "2509"]
[BlackElo "1663"]
[PlyCount "51"]
[EventDate "2020.05.02"]
[EventType "swiss (blitz)"]
[EventRounds "11"]
[EventCountry "USA"]
[SourceTitle "CBM 195 Extra"]
[Source "ChessBase"]
[SourceDate "2020.05.31"]
[SourceVersion "1"]
[SourceVersionDate "2020.05.31"]
[SourceQuality "1"]

1. Nf3 d5 2. g3 g6 3. Bg2 Bg7 4. 0-0 Nf6 5. b3 0-0 6. Bb2 c5 7. c4 d4 8. b4 cxb4 9. Bxd4 Nc6 10. Bb2 Bf5 11. d3 Qd7 12. a3 bxa3 13. Nxa3 Bh3 14. Nb5 Bxg2 15. Kxg2 a6 16. Nbd4 Nxd4 17. Bxd4 Rfe8 18. Qb3 Qc6 19. Rfb1 e5 20. Bc3 e4 21. Nd4 Qd6 22. Qxb7 Reb8 23. Qc6 Qxc6 24. Nxc6 Rxb1 25. Rxb1 Rc8 26. Ne7+ 1-0

[Event "PNWCC Online blitz JP 8th"]
[Site "Chess.com INT"]
[Date "2020.05.02"]
[Round "9"]
[White "Park, Evan"]
[Black "Ho, Cooper"]
[Result "1-0"]
[WhiteElo "2146"]
[BlackElo "1663"]
[PlyCount "61"]
[EventDate "2020.05.02"]
[EventType "swiss (blitz)"]
[EventRounds "11"]
[EventCountry "USA"]
[SourceTitle "CBM 195 Extra"]
[Source "ChessBase"]
[SourceDate "2020.05.31"]
[SourceVersion "1"]
[SourceVersionDate "2020.05.31"]
[SourceQuality "1"]

1. e4 e5 2. Nf3 Nc6 3. Bb5 a6 4. Bxc6 dxc6 5. 0-0 f6 6. d4 exd4 7. Nxd4 c5 8. Nb3 Be6 9. Be3 b6 10. Nc3 Ne7 11. Qe2 Nc6 12. Rad1 Qe7 13. Nd5 Bxd5 14. exd5 Ne5 15. f4 Nf7 16. Qf3 0-0-0 17. Rfe1 Qd7 18. a4 Bd6 19. a5 h5 20. c4 g5 21. Ra1 Kb7 22. Nd2 g4 23. Qf2 h4 24. Ne4 f5 25. Nc3 Rdg8 26. Qc2 g3 27. h3 Re8 28. Na4 Re4 29. Qb3 Bxf4 30. Bxf4 Rxf4 31. Nxc5+ 1-0